000 00641nam a2200217 4500
001 GB1208
003 IN-BhIIT
005 20260407161004.0
008 241105b |||||||| |||| 00| 0 eng d
020 _a00746238X
040 _aIN-BhIIT
041 _aeng
082 _a005.133
_bBAL/O
100 _aBalagurusamy, E.
_eAuthor
_97333
245 _aObject oriented programming with C++ /
_cby E. Balagurusamy.
260 _aNew Delhi :
_bTata McGraw Hill,
_c1995.
300 _axii, 321 p. :
_bill. ;
_c24 cm.
504 _aIncludes bibliographical references and index.
650 _aProgramming languages (C ++)
_924843
942 _cGEN
_03
999 _c14477
_d14477